00301nam a2200121Ia 4500008004100000082001700041100001700058245004100075250000800116260002400124300001100148650002000159150201s2011 xx 000 0 und d a617.96bA11A aAGASTI, T.K. aTB. OF ANEASTHESIA FOR POSTGRADUATES a1ST bJAYPEEaDELHIc2011 a1-1186 aANAESTHESIOLOGY